000 00459nam a22001697a 4500
003 NUST - PNEC
005 20170116180924.0
008 150905b xxu||||| |||| 00| 0 eng d
020 _a0077070313
040 _cLIBRARY
082 _a621.3 GOO
100 _97942
_aGoodall, Frank
245 _aFoundation course in electrical and electronic engineering
_cFrank Goodall
260 _cc.1987
650 _97946
_aElectrical engineering
_xEE
942 _2ddc
_cBK
999 _c65721
_d65721